'C' in Europe Quiz Stats

Quiz Updated Jul 14, 2016

Also try: 'B' in Europe
Challenge
Share
Tweet
Embed
Score 0/16 Timer 05:00
19 Plays Today
Hint Answer % Correct
Turkey invaded which island nation in 1974?Cyprus
93.1%
Which country officially separated from Slovakia in 1993?Czechia
91.3%
The city of Pripyat was abandoned after a 1986 disaster at which nuclear power plant?Chernobyl
88%
Which Danish capital is located on the islands of Zealand and Amager?Copenhagen
86%
Which city, now called Istanbul, was conquered by the Ottomans in 1453?Constantinople
83.1%
Which region of France is famous for its sparkling wine?Champagne
81.8%
Which Greek island is the fifth largest in the Mediterranean Sea?Crete
79.5%
Which city, situated on the River Lee, is the second most populous city in Ireland?Cork
76.8%
Hint Answer % Correct
Which amphitheater, also called the Flavian Amphitheater, is located in the center of Rome? Colosseum
74.9%
Which English city is featured in the title of a collection of short stories by Geoffrey Chaucer?Canterbury
73.4%
Which French island is the fourth largest island in the Mediterranean Sea?Corsica
70.8%
Barcelona, Girona, Lleida, and Tarragona are located in which autonomous community of Spain?Catalonia
68%
Which Italian island lends its name to a style of cropped pants?Capri
62.3%
Which French port on the English Channel was an English possession from 1347 to 1558?Calais
59.6%
Which city is the capital of Moldova?Chișinău
53.3%
According to legend, which city did Lady Godiva ride through while covered by nothing but her hair?Coventry
41%

You're not logged in!

Compare scores with friends on all Sporcle quizzes.
Sign Up with Email
OR
Log In

You Might Also Like...

Show Comments

Extras

Top Quizzes Today


Score Distribution

Your Account Isn't Verified!

In order to create a playlist on Sporcle, you need to verify the email address you used during registration. Go to your Sporcle Settings to finish the process.